| 000 | 00535nam a2200205Ia 4500 | ||
|---|---|---|---|
| 005 | 20221118130611.0 | ||
| 008 | 131103s9999 xx 000 0 und d | ||
| 020 |
_a563205288 _cGBP 10.95 |
||
| 040 | _aLoreto College | ||
| 041 | _aEnglish | ||
| 082 |
_a954.03 _bMAS |
||
| 100 | _aMasani,Zareer | ||
| 245 |
_aIndian Tales of the Raj _cZareer Masani |
||
| 260 |
_aLondon _bBBC Books _cc 1987 |
||
| 300 |
_a[6],165 p. _b maps,illus. |
||
| 504 | _aIncludes bibliography | ||
| 650 | _aIndia - History | ||
| 850 | _aLCLIB | ||
| 942 | _cBK | ||
| 999 |
_c8983 _d59462 |
||